[Event "Africa-ch Amateurs U2300"]
[Site "Bujumbura"]
[Date "2024.07.27"]
[Round "7"]
[White "Mwilola, Phylis Namasiku"]
[Black "Michel, Ingabire Alain"]
[Result "1-0"]
[WhiteElo "1668"]
[BlackElo "1785"]
[PlyCount "103"]
[EventDate "2024.07.23"]
[EventType "swiss"]
[EventRounds "9"]
[EventCountry "BRI"]
[SourceTitle "EXT 2025"]
[Source "ChessBase"]
[SourceDate "2024.10.14"]
[SourceVersion "1"]
[SourceVersionDate "2024.10.14"]
[SourceQuality "1"]

1. d4 d5 2. Bf4 e6 3. e3 Bd6 4. Bg3 Nf6 5. c3 c5 6. Bd3 Qc7 7. Nd2 Nbd7 8. Ngf3 a6 9. e4 dxe4 10. Nxe4 Nxe4 11. Bxe4 c4 12. Ng5 Nf6 13. Bc2 b5 14. Ne4 Nxe4 15. Bxe4 Rb8 16. a3 Bb7 17. Bxb7 Rxb7 18. Qf3 Rb8 19. 0-0 0-0 20. Rfe1 Bxg3 21. hxg3 Rbd8 22. Re5 Qd7 23. Rae1 Rfe8 24. R1e4 f6 25. Rh5 Qc6 26. Rxh7 Qd5 27. Rh5 f5 28. Re5 Qxf3 29. gxf3 Kf7 30. Kf1 Rh8 31. Rxh8 Rxh8 32. Kg2 Rb8 33. f4 Rb6 34. Rc5 Kf6 35. f3 g5 36. fxg5+ Kxg5 37. f4+ Kf6 38. Kf3 Rd6 39. Rc8 Rb6 40. Ke3 Rd6 41. Rb8 Rc6 42. Rh8 Kg7 43. Rd8 Rb6 44. d5 exd5 45. Rxd5 Kf6 46. Kd4 Rc6 47. Rc5 Rd6+ 48. Rd5 Rc6 49. Re5 Rd6+ 50. Rd5 Rc6 51. a4 Rb6 52. Kc5 1-0

[Event "Africa-ch Amateurs U2300"]
[Site "Bujumbura"]
[Date "2024.07.25"]
[Round "6"]
[White "Michel, Ingabire Alain"]
[Black "Rukundo, Joe Stephane"]
[Result "0-1"]
[WhiteElo "1785"]
[BlackElo "1831"]
[PlyCount "64"]
[EventDate "2024.07.23"]
[EventType "swiss"]
[EventRounds "9"]
[EventCountry "BRI"]
[SourceTitle "EXT 2025"]
[Source "ChessBase"]
[SourceDate "2024.10.14"]
[SourceVersion "1"]
[SourceVersionDate "2024.10.14"]
[SourceQuality "1"]

1. d4 c5 2. e3 Nf6 3. Nf3 e6 4. Bd3 d5 5. c3 Ne4 6. 0-0 Nc6 7. Nfd2 Qg5 8. Nxe4 dxe4 9. Bxe4 Bd7 10. Nd2 h5 11. Bf3 f5 12. Nb3 Qf6 13. Re1 0-0-0 14. a3 e5 15. d5 Be6 16. c4 e4 17. Be2 Ne5 18. Nd2 Bd6 19. Qa4 Ng4 20. h3 Qh4 21. Rf1 Rh6 22. Qxa7 Rg6 23. Qa8+ Kc7 24. Qa5+ Kd7 25. dxe6+ Ke7 26. Nxe4 fxe4 27. f4 Nxe3 28. Bxe3 Qxh3 29. Rf2 Qxe3 30. Rd1 Rf8 31. Qd2 Qxd2 32. Rxd2 e3 0-1

[Event "Africa-ch Amateurs U2300"]
[Site "Bujumbura"]
[Date "2024.07.24"]
[Round "4"]
[White "Michel, Ingabire Alain"]
[Black "Oluka, Robert Mcligeyo"]
[Result "0-1"]
[WhiteElo "1785"]
[BlackElo "2013"]
[PlyCount "66"]
[EventDate "2024.07.23"]
[EventType "swiss"]
[EventRounds "9"]
[EventCountry "BRI"]
[SourceTitle "EXT 2025"]
[Source "ChessBase"]
[SourceDate "2024.10.14"]
[SourceVersion "1"]
[SourceVersionDate "2024.10.14"]
[SourceQuality "1"]

1. d4 Nf6 2. c4 g6 3. Nc3 d5 4. cxd5 Nxd5 5. Nf3 Bg7 6. e3 c5 7. Bc4 Nxc3 8. bxc3 0-0 9. 0-0 Qc7 10. Bd3 Nc6 11. Ba3 b6 12. Rc1 Rd8 13. Qc2 Bg4 14. Be2 Na5 15. Bb2 Rac8 16. Qa4 Bd7 17. Qc2 Bf5 18. Bd3 Bg4 19. Ba6 Rb8 20. Be2 Be6 21. Ba1 b5 22. a4 Bb3 23. Qe4 Bxa4 24. Nd2 Rbc8 25. Rfe1 a6 26. c4 cxd4 27. exd4 bxc4 28. Bxc4 e6 29. Bb2 Qb6 30. Ba1 Bxd4 31. Bxd4 Qxd4 32. Nf3 Qxe4 33. Rxe4 Rxc4 0-1